000 00667nam a2200229 i 4500
001 C2-0112955
003 PPAK
005 20180727104114.0
008 970706s ru |||| ||||| | eng d
040 _aPPAK
_beng
_cPPAK
_erda
082 0 4 _a355.02
_223
090 0 0 _a355.02
_bFYO
_dKIH
100 1 _aFyodorov, E.K.,
_eauthor
245 1 0 _aTo prevent the creation of New Warfare
264 1 _a[Moscow] :
_b[publisher not identified] ,
_c[date of publication not identified]
300 _a20 pages ;
_c21 cm
336 _2rdacontent
_atext
337 _2rdamedia
_aunmediated
338 _2rdacarrier
_avolume
650 1 0 _aWarfare, conventional
942 _ddc
_cB
999 _c28553
_d28553